000 00551nam a2200157 a 4500
008 120416s1999 ||||||||||||||||| || u
020 _a0198742207
050 _aPN 1992.6 Cor
100 _aCorner, John
245 1 0 _aCritical ideas in television studies
260 _aOxford:
_bClarendon
_c1999
300 _a139p.
350 _a0.00
650 _aTELEVISION BROADCASTING--SOCIAL ASPECTS
995 _D0.00
_FCBU-MAIN LIBRARY (Kitwe)
_H1
_I21.99
_M1
_UAVAILABLE
_ZMain Library Open Access Collection
999 _c39212
_d39212